| 000 | 00436nam a2200145Ia 4500 | ||
|---|---|---|---|
| 008 | 230917s9999||||xx |||||||||||||| ||und|| | ||
| 040 |
_e61094 _aMAIN |
||
| 041 | _aEnglish | ||
| 082 | _a822.09 D759T | ||
| 100 | _aDowns, Harold, ed | ||
| 245 | 0 | _aTheatre and stage: an encyclopedic guide to the performance of all amateur dramatic, operatic & theatrical work, 2v, v1 | |
| 260 |
_aLondon _bNew Era |
||
| 300 | _ax, 594 p. | ||
| 942 | _cBK | ||
| 999 |
_c45877 _d45877 |
||